| 000 | 00904nam a22002537a 4500 | ||
|---|---|---|---|
| 003 | DO-SdBNP | ||
| 005 | 20171129133439.0 | ||
| 008 | 171117b 1978 sp ||||| |||| 00| 0 spa d | ||
| 020 | _a9682600073 | ||
| 040 |
_aBPMSU _bspa _cBPMSU |
||
| 092 |
_axxxx _bxxxx |
||
| 100 | 1 | _aDavidson, Sidney | |
| 240 | 1 | 0 | _aInflation accounting : a guide for the accountant and the financial analyst. |
| 245 |
_aContabilidad para la inflación : _bguía para el contador y analista financiero _cSidney Davidson; Clyde P Stickney; Roman L Weil ; traducido por Alfonso Vasseur Walls. |
||
| 250 | _a2a ed. | ||
| 260 |
_aMéxico : _bCECSA, _c1978. |
||
| 300 |
_a272 p. ; _c22 cm. |
||
| 700 | 1 | _aStickney, Clyde P | |
| 700 | 1 | _a Weil, Roman L | |
| 700 | 1 |
_aVasseur Walls, Alfonso , _etr. |
|
| 942 |
_2ddc _cBK |
||
| 945 | _aInventariado extranjero / 2017 BT | ||
| 956 |
_aLOPEREZ _b10 _c20171117 _h0041 _iBPMSU |
||
| 999 |
_c12929 _d12929 |
||